[Event "Xtracon Chess Open 2017"]
[Site "Helsingor DEN"]
[Date "2017.07.22"]
[Round "1.186"]
[White "Henningsen, Lasse"]
[Black "Huse, Arne Kjelsbol"]
[Result "1-0"]
[WhiteElo "1988"]
[BlackElo "1352"]
[WhiteFideId "1425315"]
[BlackFideId "1520709"]
[EventDate "2017.07.22"]

1. e4 e5 2. Nf3 Nc6 3. d4 d6 4. Bb5 a6 5. Bxc6+ bxc6 6. dxe5 Bg4 7. exd6 cxd6 8.
O-O g6 9. Bf4 Bxf3 10. Qxf3 Bg7 11. e5 d5 12. c4 Ne7 13. Nc3 O-O 14. cxd5 cxd5
15. Rfd1 d4 16. Ne2 Qb8 17. e6 Qxb2 18. exf7+ Kxf7 19. Bc1+ Kg8 20. Qxf8+ Rxf8
21. Bxb2 Nc6 22. Nxd4 Nxd4 23. Bxd4 Bxd4 24. Rxd4 Rf7 25. Rad1 Kg7 26. Rd7 Rxd7
27. Rxd7+ Kh6 28. f4 a5 29. g4 a4 30. h3 a3 31. g5+ Kh5 32. Rxh7# 1-0

[Event "Xtracon Chess Open 2017"]
[Site "Helsingor DEN"]
[Date "2017.07.22"]
[Round "1.187"]
[White "Dahl, Ian"]
[Black "Preuss, Flemming"]
[Result "0-1"]
[WhiteElo "1347"]
[BlackElo "1986"]
[WhiteFideId "1520210"]
[BlackFideId "1403338"]
[EventDate "2017.07.22"]

1. e4 d6 2. d4 Nf6 3. Bd3 e5 4. Ne2 c6 5. c4 Be7 6. Nbc3 O-O 7. O-O Bg4 8. f3
Bh5 9. Be3 Nbd7 10. Rc1 a6 11. Qb3 Qc7 12. d5 Rfb8 13. a4 Nc5 14. Bxc5 dxc5 15.
Ra1 a5 16. Ng3 Bg6 17. Qc2 Bd6 18. Rae1 Re8 19. Nf5 Bf8 20. Ne2 Rad8 21. Neg3
Bxf5 22. Nxf5 g6 23. Ng3 h5 24. Ne2 Bh6 25. g3 Be3+ 26. Kg2 Kg7 27. f4 cxd5 28.
fxe5 Qxe5 29. exd5 Qg5 30. Nf4 h4 31. Rf3 hxg3 32. hxg3 Ng4 33. Qd1 Bd4 34. Qd2
Kg8 35. d6 Rxe1 36. Qxe1 Ne5 37. Rf1 Rxd6 38. Nd5 Re6 39. Bc2 Nxc4 40. Nf6+ Rxf6
41. Qe8+ Kg7 42. Bd1 Ne3+ 0-1

[Event "Xtracon Chess Open 2017"]
[Site "Helsingor DEN"]
[Date "2017.07.22"]
[Round "1.188"]
[White "Meurman, Arne"]
[Black "Thybo, Jan"]
[Result "1-0"]
[WhiteElo "1980"]
[BlackElo "1330"]
[WhiteFideId "1704923"]
[BlackFideId "1438824"]
[EventDate "2017.07.22"]

1. e4 e5 2. Nf3 Nc6 3. Bb5 a6 4. Ba4 Nf6 5. Qe2 b5 6. Bb3 Bb7 7. c3 Bc5 8. O-O
O-O 9. d3 d6 10. Be3 Bxe3 11. fxe3 h6 12. Nbd2 Ne7 13. h3 Ng6 14. Rf2 d5 15.
exd5 Bxd5 16. d4 Bxb3 17. axb3 exd4 18. exd4 Re8 19. Qd3 c5 20. Qf5 cxd4 21.
Nxd4 Re5 22. Qc2 Qe8 23. N2f3 Rd5 24. Re2 Qc8 25. b4 Nf4 26. Re5 Rxe5 27. Nxe5
Nxh3+ 28. gxh3 Qxh3 29. Qf2 Re8 30. Re1 Qh5 31. Qg3 g5 32. Qf3 Qxf3 33. Nexf3
Rxe1+ 34. Nxe1 Nd5 35. Nd3 Ne3 36. Nc6 Kg7 37. Nb8 Nc4 38. Nxa6 f5 39. Nc7 Nd6
40. Nc5 h5 41. N5e6+ Kf6 42. Nd4 f4 43. Ncxb5 Ne4 44. c4 g4 45. Kg2 h4 46. c5
h3+ 47. Kh2 f3 48. Nxf3 gxf3 49. Kxh3 Nd2 50. Kg3 Ke6 51. Nc3 Ke5 52. b5 Nc4 53.
b6 Na5 54. b4 1-0

[Event "Xtracon Chess Open 2017"]
[Site "Helsingor DEN"]
[Date "2017.07.22"]
[Round "1.189"]
[White "Kvamme, Thomas Jordre"]
[Black "Carnstam, Tomas"]
[Result "0-1"]
[WhiteElo "1327"]
[BlackElo "1977"]
[WhiteFideId "1523368"]
[BlackFideId "1707221"]
[EventDate "2017.07.22"]

1. d4 d5 2. Nf3 c5 3. c3 e6 4. Bf4 Nc6 5. e3 Qb6 6. Qb3 c4 7. Qc2 Bd7 8. b3 cxb3
9. axb3 Rc8 10. Bd3 Nb4 11. Qd2 Nxd3+ 12. Qxd3 Qxb3 13. Rxa7 Qb6 14. Ra1 f6 15.
Qd1 Ne7 16. O-O Ng6 17. Bg3 Be7 18. Qd2 Kf7 19. Rc1 Ra8 20. Rxa8 Rxa8 21. Qc2
Ba4 22. Qd3 Qb2 23. Qf1 Bb5 24. Qd1 Ra1 25. Nfd2 Bd3 26. f3 Ba3 27. Nb3 Rxb1 28.
Rxb1 Qxb1 29. Qxb1 Bxb1 30. Na5 b6 31. Nb7 e5 32. f4 exf4 33. exf4 f5 34. Nd8+
Ke7 35. Nc6+ Kd7 36. Na7 Bd3 37. Kf2 Bd6 38. Ke3 Bc4 39. Kf3 0-1

[Event "Xtracon Chess Open 2017"]
[Site "Helsingor DEN"]
[Date "2017.07.22"]
[Round "1.191"]
[White "Cort Maleeva Hansen, Andreas Philip"]
[Black "Hakansson, Stefan"]
[Result "0-1"]
[WhiteElo "1308"]
[BlackElo "1976"]
[WhiteFideId "1462636"]
[BlackFideId "1708198"]
[EventDate "2017.07.22"]

1. d4 d5 2. c4 c6 3. Nc3 dxc4 4. e4 b5 5. a3 Nf6 6. e5 Nd5 7. Qc2 g6 8. Nf3 Bg7
9. g3 O-O 10. Bg2 Nxc3 11. Qxc3 Be6 12. O-O Bd5 13. Be3 Nd7 14. Rab1 Nb6 15. Nh4
Bxg2 16. Nxg2 Nd5 17. Qd2 Nxe3 18. Qxe3 Qb6 19. f4 Rfd8 20. Rfd1 Rd5 21. Nh4
Rad8 22. Nf3 c5 23. Kf1 cxd4 24. Qf2 f5 25. exf6 Bxf6 26. b3 Qa6 27. Qb2 c3 28.
Qa2 b4+ 29. Kf2 d3 30. Rbc1 c2 31. Rf1 d2 32. Rxc2 d1=Q 33. Rxd1 Rxd1 34. Re2
Bd4+ 35. Nxd4 R8xd4 36. a4 Qc6 37. Qb2 R4d3 38. Qc2 Qf3# 0-1

[Event "Xtracon Chess Open 2017"]
[Site "Helsingor DEN"]
[Date "2017.07.22"]
[Round "1.192"]
[White "Larsen, Ulrik"]
[Black "Johansen, Paul Ivar"]
[Result "1-0"]
[WhiteElo "1971"]
[BlackElo "1301"]
[WhiteFideId "1441167"]
[BlackFideId "1508024"]
[EventDate "2017.07.22"]

1. e4 c6 2. d4 d5 3. exd5 cxd5 4. Bd3 Nf6 5. Nf3 e6 6. O-O Bd6 7. Bg5 O-O 8. Re1
Nbd7 9. Ne5 Be7 10. Nd2 Qb6 11. Ndf3 a5 12. Qe2 a4 13. Nxd7 Bxd7 14. Ne5 Qd8 15.
c4 dxc4 16. Bxc4 b5 17. Nxd7 Qxd7 18. Bxb5 Qxd4 19. Rad1 Qe4 20. Qxe4 Nxe4 21.
Bxe7 Rfb8 22. Bc6 Ra7 23. Ba3 1-0

[Event "Xtracon Chess Open 2017"]
[Site "Helsingor DEN"]
[Date "2017.07.22"]
[Round "1.194"]
[White "Justinussen, Sigurd B."]
[Black "Alisaari, Vellu"]
[Result "1-0"]
[WhiteElo "1963"]
[BlackElo "1286"]
[WhiteFideId "7200773"]
[BlackFideId "509701"]
[EventDate "2017.07.22"]

1. e4 c5 2. Nf3 Nc6 3. c3 e6 4. d4 cxd4 5. cxd4 Bb4+ 6. Nc3 Bxc3+ 7. bxc3 d5 8.
Bd3 Nge7 9. O-O O-O 10. Qc2 f5 11. exf5 Nxf5 12. Bg5 Qe8 13. Nh4 g6 14. Rae1 Qf7
15. Nf3 a6 16. Ne5 Nxe5 17. dxe5 h6 18. Bf6 Bd7 19. g4 Ne7 20. Re3 Rae8 21. Rf3
Kh7 22. h4 Rg8 23. h5 Bb5 24. Bxb5 axb5 25. Rb1 Nc6 26. Rg3 Nb8 27. Rxb5 Nd7 28.
Rxb7 Rb8 29. Rxb8 Nxb8 30. g5 Nc6 31. gxh6 Kxh6 32. Qd2+ Kh7 33. Qd3 Na7 34. Kf1
Qe8 35. hxg6+ Rxg6 36. Rh3+ Kg8 37. Rh8+ 1-0

[Event "Xtracon Chess Open 2017"]
[Site "Helsingor DEN"]
[Date "2017.07.22"]
[Round "1.195"]
[White "Hinrichs, Kurt"]
[Black "Rasmussen, Lars Garne"]
[Result "0-1"]
[WhiteElo "1277"]
[BlackElo "1961"]
[WhiteFideId "12994057"]
[BlackFideId "1406434"]
[EventDate "2017.07.22"]

1. d4 d5 2. Bf4 Nf6 3. e3 c5 4. c4 Nc6 5. Nc3 cxd4 6. exd4 Bf5 7. a3 e6 8. Nf3
Be7 9. Be2 dxc4 10. Bxc4 Rc8 11. Be2 O-O 12. O-O Nd5 13. Bd2 Bf6 14. Be3 Nxe3
15. fxe3 h6 16. h3 Qb6 17. Qa4 e5 18. Qb5 exd4 19. Qxb6 axb6 20. Nb5 Be4 21.
Nbxd4 Bxf3 22. Bxf3 Nxd4 23. exd4 Bxd4+ 24. Kh1 Rc2 25. Bxb7 Rxb2 26. Rab1 Ra2
27. Rb3 Bc5 28. Rff3 Re8 29. Rfd3 Re7 30. Bf3 Ra7 31. Rd8+ Kh7 32. Bd5 R2xa3 33.
Rxa3 Bxa3 34. g4 Bc5 35. Rb8 Re7 36. Kg2 Kg6 37. Kf3 Re3+ 38. Kg2 Re5 39. Bf3
Kf6 40. Kg3 Re1 41. Rb7 Re3 42. Kf4 Ke6 43. Rb8 g5+ 44. Kg3 Bd6+ 45. Kf2 Rxf3+ 0-1

[Event "Xtracon Chess Open 2017"]
[Site "Helsingor DEN"]
[Date "2017.07.22"]
[Round "1.196"]
[White "Hoti, Nimon"]
[Black "Hviid, Hans Henrik"]
[Result "1-0"]
[WhiteElo "1953"]
[BlackElo "1263"]
[WhiteFideId "1510746"]
[BlackFideId "1425374"]
[EventDate "2017.07.22"]

1. e4 e5 2. Nf3 d6 3. d4 exd4 4. Bc4 c5 5. c3 Qe7 6. O-O Bg4 7. cxd4 Nf6 8. e5
d5 9. exf6 Qxf6 10. Bxd5 Nc6 11. Bxc6+ Qxc6 12. Re1+ Be7 13. d5 Qd6 14. Qa4+ Bd7
15. Qe4 f5 16. Qe2 h6 17. Bf4 Qf6 18. d6 Kf7 19. Qxe7+ Qxe7 20. Rxe7+ Kf6 21.
Rxd7 b6 22. Be5+ Kg6 23. Rxg7+ Kh5 24. h3 Rhe8 25. g4+ fxg4 26. hxg4# 1-0

[Event "Xtracon Chess Open 2017"]
[Site "Helsingor DEN"]
[Date "2017.07.22"]
[Round "1.197"]
[White "Hestholm, Freddy"]
[Black "Hjornevik, Knut J"]
[Result "0-1"]
[WhiteElo "1249"]
[BlackElo "1952"]
[WhiteFideId "1529951"]
[BlackFideId "1505157"]
[EventDate "2017.07.22"]

1. e4 e6 2. d4 d5 3. Nc3 Bb4 4. Qd3 dxe4 5. Qxe4 Nf6 6. Qh4 O-O 7. Nf3 b6 8. Bd3
Bb7 9. Bg5 h6 10. Bxf6 Qxf6 11. Qxf6 gxf6 12. Be2 Nc6 13. O-O Rfd8 14. Rad1 Rd7
15. Ne4 Be7 16. c4 Nxd4 17. Rxd4 Rxd4 18. Nxd4 Bxe4 19. Nb5 a6 20. Nc3 Bb7 21.
Re1 Rd8 22. Bh5 Rd2 23. b3 Bc5 24. Ne2 Rxa2 25. h4 Rb2 26. Kh2 Rxb3 27. f4 f5
28. Ng3 Bf2 29. Nxf5 Bxe1 30. Nxh6+ Kg7 31. Bf3 Bxf3 32. g3 Kxh6 33. Kh3 a5 34.
g4 Bh1+ 0-1

[Event "Xtracon Chess Open 2017"]
[Site "Helsingor DEN"]
[Date "2017.07.22"]
[Round "1.198"]
[White "Arndt, Uwe"]
[Black "Jacobsen, Harald Kittel Lytomt"]
[Result "1-0"]
[WhiteElo "1948"]
[BlackElo "1242"]
[WhiteFideId "24647713"]
[BlackFideId "1533460"]
[EventDate "2017.07.22"]

1. d4 d5 2. c4 e6 3. Nf3 Nf6 4. Nc3 Bb4 5. Bg5 Nc6 6. e3 O-O 7. Rc1 h6 8. Bh4 b6
9. Bd3 Ba6 10. cxd5 Bxd3 11. Qxd3 exd5 12. Qb5 Qd6 13. Bg3 Qe6 14. O-O a6 15.
Qa4 b5 16. Nxb5 axb5 17. Qxb5 Rfb8 18. Qxc6 Qxc6 19. Rxc6 Rxa2 20. Rxc7 Rxb2 21.
Rxf7 Kxf7 22. Bxb8 Ne4 23. Ne5+ Ke6 24. Nd3 Rb3 25. Nf4+ Kf5 26. Nxd5 Nd2 27.
Rd1 Ba3 28. Be5 Rb5 29. Nc7 Rb7 30. g4+ Kxg4 31. Rxd2 Rb1+ 32. Kg2 h5 33. Ne6
Be7 34. e4 h4 35. h3+ Kh5 36. Nxg7+ Kg6 37. Nf5 Bg5 38. f4 Bf6 39. Bxf6 Kxf6 40.
Nxh4 Rb8 41. e5+ Ke7 42. f5 Rg8+ 43. Ng6+ Ke8 44. Kf3 Rg7 45. Ra2 Rc7 46. Ke4
Rc4 47. Kd5 Rc7 48. e6 Rh7 49. Ra8# 1-0

[Event "Xtracon Chess Open 2017"]
[Site "Helsingor DEN"]
[Date "2017.07.22"]
[Round "1.199"]
[White "Pouliart, Sander"]
[Black "Nilssen, Ellen Fredericia"]
[Result "0-1"]
[WhiteElo "1236"]
[BlackElo "1948"]
[WhiteFideId "251062"]
[BlackFideId "1441230"]
[EventDate "2017.07.22"]

1. e4 e6 2. d4 d5 3. exd5 exd5 4. Bd3 Bd6 5. Qe2+ Ne7 6. Nf3 Bg4 7. Be3 c6 8.
Nbd2 Qc7 9. h3 Bh5 10. O-O Nd7 11. c4 dxc4 12. Bxc4 Nb6 13. Bb3 O-O 14. Qd3 Bg6
15. Qe2 Ned5 16. Nh4 Rae8 17. Nxg6 hxg6 18. Qd3 a5 19. Rac1 a4 20. Bxd5 Nxd5 21.
Ne4 Nb4 22. Qb1 Nxa2 23. Qxa2 Rxe4 24. Qxa4 Rd8 25. Qc2 Qe7 26. Qc3 Bb4 27. Qb3
Rd5 28. Rc4 Ba5 29. Rc5 Rh5 30. Ra1 Bc7 31. Ra7 Qd6 32. Rxh5 gxh5 33. Qxb7 Re7
34. g3 h4 35. Qc8+ Kh7 36. Bf4 Re1+ 37. Kg2 Qd5+ 0-1

[Event "Xtracon Chess Open 2017"]
[Site "Helsingor DEN"]
[Date "2017.07.22"]
[Round "1.200"]
[White "Tandrup, Michael"]
[Black "Schouten, Ken Ronny"]
[Result "1-0"]
[WhiteElo "1946"]
[BlackElo "1225"]
[WhiteFideId "1408356"]
[BlackFideId "1533010"]
[EventDate "2017.07.22"]

1. d4 Nf6 2. Nf3 g6 3. g3 Bg7 4. Bg2 O-O 5. c4 d6 6. Nc3 Re8 7. O-O e5 8. dxe5
dxe5 9. Qxd8 Rxd8 10. Bg5 Nc6 11. Nd5 Rd6 12. Nxc7 Rb8 13. Nb5 Re6 14. Rad1 h6
15. Bc1 Nd7 16. Nc7 Re7 17. Nd5 Re8 18. e4 Nc5 19. Rfe1 Bg4 20. h3 Be6 21. b3
Bxd5 22. exd5 Ne7 23. Nxe5 Nf5 24. Nf3 Rxe1+ 25. Nxe1 Re8 26. Ba3 b6 27. Nf3 Re2
28. g4 Rxa2 29. Bxc5 bxc5 30. gxf5 gxf5 31. d6 Bf6 32. d7 Bd8 33. Ne5 Rb2 34.
Nc6 Bc7 35. d8=Q+ Bxd8 36. Rxd8+ 1-0

[Event "Xtracon Chess Open 2017"]
[Site "Helsingor DEN"]
[Date "2017.07.22"]
[Round "1.201"]
[White "Jacobsen, Stig Jerlow"]
[Black "Damianou, Ioannis"]
[Result "0-1"]
[WhiteElo "1209"]
[BlackElo "1945"]
[WhiteFideId "1519816"]
[BlackFideId "5902355"]
[EventDate "2017.07.22"]

1. d4 Nf6 2. Nf3 g6 3. e3 Bg7 4. Nbd2 O-O 5. b3 d6 6. Bb2 c5 7. Bd3 Nc6 8. dxc5
dxc5 9. a3 Qc7 10. O-O b6 11. Ne4 Nxe4 12. Bxg7 Nxf2 13. Rxf2 Kxg7 14. Qc1 f6
15. Qb2 e5 16. e4 Be6 17. c4 Bg4 18. h3 Bxf3 19. Rxf3 Nd4 20. Rg3 Rad8 21. h4
Ne6 22. Be2 Nf4 23. h5 Qd6 24. Bf3 Qd2 25. Qb1 Rd3 26. Ra2 Qc3 27. hxg6 hxg6 28.
Rb2 Rfd8 29. Kh2 Rh8+ 30. Kg1 Qd4+ 31. Kf1 Rh1# 0-1

[Event "Xtracon Chess Open 2017"]
[Site "Helsingor DEN"]
[Date "2017.07.22"]
[Round "1.202"]
[White "Huse, Sigurd Kjelsbol"]
[Black "Gelders, Hanne"]
[Result "1-0"]
[WhiteElo "1944"]
[BlackElo "1206"]
[WhiteFideId "1520717"]
[BlackFideId "249033"]
[EventDate "2017.07.22"]

1. e4 d5 2. exd5 Nf6 3. Bb5+ c6 4. dxc6 bxc6 5. Be2 e5 6. d3 Bc5 7. Nc3 Be6 8.
Nf3 O-O 9. O-O Nbd7 10. d4 exd4 11. Nxd4 Bxd4 12. Qxd4 Nb6 13. Qxd8 Rfxd8 14.
Bg5 Nbd7 15. Rad1 h6 16. Bxf6 Nxf6 17. Bf3 Bd5 18. Nxd5 Nxd5 19. Bxd5 Rxd5 20.
Rxd5 cxd5 21. Rd1 Rd8 22. Kf1 f5 23. b3 Kf7 24. c4 d4 25. Ke2 Ke6 26. Kd3 Rd7
27. Re1+ Kf6 28. b4 g5 29. b5 Re7 30. Rxe7 Kxe7 31. Kxd4 f4 32. Kd5 Kd7 33. a4
h5 34. a5 g4 35. g3 fxg3 36. fxg3 Kc7 37. Kc5 Kb7 38. b6 a6 39. Kd6 Kc8 40. c5
Kb8 41. c6 Kc8 42. b7+ Kb8 43. Kd7 h4 44. c7+ Kxb7 45. c8=Q+ Ka7 46. Kc7 hxg3
47. Qb7# 1-0

[Event "Xtracon Chess Open 2017"]
[Site "Helsingor DEN"]
[Date "2017.07.22"]
[Round "1.203"]
[White "Jensen, Johannes Frank"]
[Black "Dittrich, Tom"]
[Result "0-1"]
[WhiteElo "1170"]
[BlackElo "1943"]
[WhiteFideId "1457942"]
[BlackFideId "12923532"]
[EventDate "2017.07.22"]

1. d4 Nf6 2. Nc3 d5 3. Nf3 g6 4. Bg5 Bg7 5. Bxf6 Bxf6 6. e3 O-O 7. Be2 c6 8. Qd2
Nd7 9. a3 e5 10. e4 exd4 11. Nxd4 Qb6 12. Nb3 dxe4 13. Na4 Qc7 14. c3 Re8 15.
O-O Qe5 16. Qe3 Bg5 17. f4 exf3 18. Qxf3 Qe3+ 19. Kh1 Qxe2 20. Qxf7+ Kh8 21. h3
Rf8 22. Rfe1 Qxe1+ 23. Rxe1 Rxf7 24. Re8+ Rf8 25. Re1 b5 26. Nac5 Nxc5 27. Nxc5
Bf5 28. Na6 Rae8 29. Rd1 Re2 30. Nc5 Rfe8 31. Kg1 Be3+ 32. Kf1 Bxc5 33. g4 Rf2+
34. Kg1 Ree2 35. Rd8+ Kg7 36. Rd1 Rg2+ 37. Kf1 Ref2+ 38. Ke1 Rg1# 0-1

[Event "Xtracon Chess Open 2017"]
[Site "Helsingor DEN"]
[Date "2017.07.22"]
[Round "1.204"]
[White "Voll, Oddvar U"]
[Black "Erikstad, Anders"]
[Result "1-0"]
[WhiteElo "1942"]
[BlackElo "1166"]
[WhiteFideId "1533827"]
[BlackFideId "1530445"]
[EventDate "2017.07.22"]

1. e4 c5 2. Nf3 e6 3. c3 Nc6 4. d4 cxd4 5. cxd4 Bb4+ 6. Nc3 Nge7 7. Bd3 Bxc3+ 8.
bxc3 d5 9. O-O O-O 10. c4 dxe4 11. Bxe4 Na5 12. Bxh7+ Kxh7 13. Ng5+ Kg8 14. Qh5
Re8 15. Qh7+ Kf8 16. Qh8+ Ng8 17. Ba3+ Re7 18. Nh7+ Ke8 19. Qxg8+ Kd7 20. Qxg7
f5 21. Nf6+ Kc7 22. Bxe7 Qxd4 23. Bc5+ Qd7 24. Nxd7 Bxd7 25. Qe5+ Kc8 26. Qh8+ 1-0

[Event "Xtracon Chess Open 2017"]
[Site "Helsingor DEN"]
[Date "2017.07.22"]
[Round "1.205"]
[White "Cort Maleeva Hansen, Daniel Alexander"]
[Black "Easwaralingam, Adesh"]
[Result "0-1"]
[WhiteElo "1166"]
[BlackElo "1941"]
[WhiteFideId "1462644"]
[BlackFideId "1448552"]
[EventDate "2017.07.22"]

1. e4 a6 2. Nf3 d6 3. Nc3 g6 4. Bc4 Bg7 5. Ng5 e6 6. d4 Nf6 7. O-O O-O 8. h3 b5
9. Bd3 Bb7 10. Nf3 b4 11. Nb1 Nxe4 12. Re1 Nf6 13. Bg5 Nbd7 14. c3 c5 15. cxb4
cxb4 16. Nbd2 Rc8 17. a4 a5 18. Rc1 Nb6 19. Rxc8 Qxc8 20. Qc1 Nxa4 21. Qxc8 Rxc8
22. Ra1 Nxb2 23. Bb5 a4 24. Bxa4 Ra8 25. Rb1 Nxa4 26. Rxb4 Bd5 27. Nc4 Bxf3 28.
gxf3 Nd5 29. Rb7 Bf8 30. Rd7 Nab6 31. Nxb6 Nxb6 32. Rb7 Nd5 0-1

[Event "Xtracon Chess Open 2017"]
[Site "Helsingor DEN"]
[Date "2017.07.22"]
[Round "1.206"]
[White "Bering, Anders"]
[Black "Huse, Lars Paul"]
[Result "1-0"]
[WhiteElo "1940"]
[BlackElo "1163"]
[WhiteFideId "1405810"]
[BlackFideId "1526537"]
[EventDate "2017.07.22"]

1. e4 c5 2. Nf3 Nc6 3. Bb5 Qb6 4. Nc3 e6 5. Bxc6 Qxc6 6. d4 cxd4 7. Nxd4 Qc7 8.
O-O b6 9. Re1 Bb7 10. Ndb5 Qc6 11. Nd5 Bd6 12. Nxd6+ Qxd6 13. Bf4 e5 14. Bg5 f6
15. Nxf6+ Qxf6 16. Bxf6 Nxf6 17. Qd6 O-O-O 18. Qxe5 Rhe8 19. Qc3+ Kb8 20. Qg3+
Kc8 21. f3 g6 22. Re3 Bc6 23. c4 Re6 24. b4 Nh5 25. Qf2 g5 26. Qc2 Kb8 27. a4
Rg6 28. b5 Bb7 29. h3 g4 30. hxg4 Nf4 31. a5 d6 32. axb6 axb6 33. Rea3 Kc7 34.
Qa2 Rgg8 35. c5 dxc5 36. Qf7+ 1-0

[Event "Xtracon Chess Open 2017"]
[Site "Helsingor DEN"]
[Date "2017.07.22"]
[Round "1.207"]
[White "Gelders, Marte"]
[Black "Smeby, Ole"]
[Result "0-1"]
[WhiteElo "1159"]
[BlackElo "1938"]
[WhiteFideId "255513"]
[BlackFideId "1503677"]
[EventDate "2017.07.22"]

1. d4 Nf6 2. Nf3 e6 3. e3 c5 4. Bd3 d5 5. b3 Nc6 6. c3 cxd4 7. exd4 Qc7 8. Ba3
Bxa3 9. Nxa3 O-O 10. Nb5 Qe7 11. c4 a6 12. Nc3 dxc4 13. Bxc4 b5 14. Be2 Rd8 15.
O-O Qb4 16. Qd3 Nxd4 17. Kh1 Nc6 18. Qc2 Bb7 19. a3 Qe7 20. a4 b4 21. Ne4 Nxe4
22. Qxe4 Nd4 23. Qd3 Nxe2 24. Qxe2 Rac8 25. Rfd1 Rxd1+ 26. Qxd1 Qd8 27. Qxd8+
Rxd8 28. Rc1 Bd5 29. Nd2 h6 30. h3 Bxg2+ 31. Kxg2 Rxd2 32. Rc6 a5 33. Rc5 Rd3
34. Rxa5 Rxb3 35. Rb5 Kf8 36. a5 Ra3 37. f3 b3 38. a6 Rxa6 39. Rxb3 e5 40. Rb8+
Ke7 41. Rb7+ Kf6 42. Kg3 g5 43. Kg4 Ra4+ 44. Kh5 Rh4# 0-1

[Event "Xtracon Chess Open 2017"]
[Site "Helsingor DEN"]
[Date "2017.07.22"]
[Round "1.208"]
[White "Strachan, Christian C."]
[Black "Schjolin, John"]
[Result "1-0"]
[WhiteElo "1938"]
[BlackElo "1145"]
[WhiteFideId "1417215"]
[BlackFideId "1439413"]
[EventDate "2017.07.22"]

1. e4 c5 2. c3 e5 3. Nf3 d6 4. Bc4 Bg4 5. d3 h6 6. h3 Bh5 7. Be3 a6 8. Nbd2 Nc6
9. Bb3 Qd7 10. Nc4 Qc7 11. a4 a5 12. O-O Be7 13. Bd2 Nf6 14. Ne3 Bg6 15. Qe2 O-O
16. Nh4 Bh7 17. Nef5 Ne8 18. Qg4 Bxh4 19. Nxh4 Nf6 20. Qg3 g5 21. Bxg5 Nh5 22.
Qg4 Bg6 23. Nxg6 hxg5 24. Qxh5 Kg7 25. Nxf8 Qe7 26. Qh7+ 1-0

[Event "Xtracon Chess Open 2017"]
[Site "Helsingor DEN"]
[Date "2017.07.22"]
[Round "1.209"]
[White "Joa, Vegard"]
[Black "Basson, Heinrich"]
[Result "0-1"]
[WhiteElo "1105"]
[BlackElo "1937"]
[WhiteFideId "1523490"]
[BlackFideId "14301440"]
[EventDate "2017.07.22"]

1. d4 d5 2. e3 Nf6 3. c4 c6 4. Nd2 e6 5. g3 Nbd7 6. Ngf3 b6 7. Bg2 Ba6 8. b3 Bb4
9. O-O O-O 10. a3 Bd6 11. a4 Qe7 12. Re1 Bb4 13. Bf1 Bb7 14. Bd3 c5 15. Re2 Rac8
16. Qc2 a6 17. Ba3 Bxa3 18. Rxa3 cxd4 19. Ra1 dxe3 20. Rxe3 dxc4 21. bxc4 h6 22.
Rae1 Rfd8 23. Ne4 Nd5 24. R3e2 Nb4 25. Qb1 Nxd3 26. Qxd3 Nc5 27. Qa3 Rd3 28. Qb4
Rb3 29. Qd2 Bxe4 30. Nd4 Rd3 31. Qb2 Qf6 32. Rxe4 Nxe4 33. Rxe4 Rd8 34. Rf4 Qe5
35. Qxb6 R3xd4 36. c5 Qd5 37. Rxd4 Qxd4 38. Kg2 Rc8 39. Qxa6 Qxc5 40. a5 Qc6+
41. Qxc6 Rxc6 42. f4 f6 43. Kf3 Kf7 44. Ke4 g5 45. f5 exf5+ 46. Kxf5 Rc5+ 47.
Kg4 Rxa5 48. Kh5 Ra8 49. g4 Ra3 50. h4 Rh3 51. Kxh6 Rxh4# 0-1

[Event "Xtracon Chess Open 2017"]
[Site "Helsingor DEN"]
[Date "2017.07.22"]
[Round "1.210"]
[White "Degerfeldt, Sven"]
[Black "Mansoor, Areeb"]
[Result "1-0"]
[WhiteElo "1935"]
[BlackElo "1059"]
[WhiteFideId "1717430"]
[BlackFideId "1535870"]
[EventDate "2017.07.22"]

1. d4 Nf6 2. c4 e6 3. Nf3 d5 4. Nc3 Bb4 5. e3 O-O 6. Bd3 Nc6 7. O-O a6 8. a3
Bxc3 9. bxc3 h6 10. Qc2 dxc4 11. Bxc4 Re8 12. e4 e5 13. d5 Na5 14. Bd3 Bg4 15.
Nd2 Qd6 16. c4 Nh5 17. g3 Bh3 18. Re1 Qg6 19. Bf1 Bc8 20. Qc3 b6 21. Nf3 Rd8 22.
Nxe5 Qf6 23. f4 Rd7 24. Bb2 Rd6 25. Qd2 Nb3 26. Qe2 Nxa1 27. Bxa1 g6 28. Nc6
Nxf4 29. gxf4 Qh4 30. e5 Rd7 31. e6 fxe6 32. Qxe6+ Rf7 33. Qe8+ Rf8 34. Qxg6# 1-0

[Event "Xtracon Chess Open 2017"]
[Site "Helsingor DEN"]
[Date "2017.07.23"]
[Round "2.1"]
[White "Vitiugov, Nikita"]
[Black "Sorensen, Torben Kyhl"]
[Result "1-0"]
[WhiteTitle "GM"]
[WhiteElo "2724"]
[BlackElo "2155"]
[WhiteFideId "4152956"]
[BlackFideId "1412248"]
[EventDate "2017.07.22"]

1. d4 Nf6 2. Bg5 c6 3. Nd2 Qb6 4. Ngf3 Qxb2 5. e4 d6 6. Nc4 Qb4+ 7. c3 Qxc3+ 8.
Bd2 Qxa1 9. Qxa1 Nxe4 10. Bf4 d5 11. Bd3 Nf6 12. Nce5 Nh5 13. Bd2 Nd7 14. O-O g6
15. Re1 Nxe5 16. dxe5 Ng7 17. e6 Bxe6 18. Rxe6 fxe6 19. Qb2 O-O-O 20. Qa3 Ne8
21. Qxa7 Nc7 22. Bf4 Bg7 23. Ba6 Nxa6 24. Qa8+ Kd7 25. Qxb7+ Ke8 26. Qxc6+ Rd7
27. Qc8+ Rd8 28. Qxa6 Rf8 29. Bc7 1-0

[Event "Xtracon Chess Open 2017"]
[Site "Helsingor DEN"]
[Date "2017.07.23"]
[Round "2.2"]
[White "Deur Saric, Zrinka"]
[Black "Jobava, Baadur"]
[Result "0-1"]
[WhiteTitle "WFM"]
[BlackTitle "GM"]
[WhiteElo "2152"]
[BlackElo "2714"]
[WhiteFideId "14512670"]
[BlackFideId "13601520"]
[EventDate "2017.07.22"]

1. e4 e5 2. Nf3 Nf6 3. Nxe5 d6 4. Nf3 Nxe4 5. Nc3 Nxc3 6. dxc3 Be7 7. Be3 Nc6 8.
Qd2 Bf5 9. Be2 O-O 10. Nd4 Nxd4 11. cxd4 Re8 12. O-O-O Qd7 13. h4 d5 14. Kb1 a5
15. Bd3 Bd6 16. Rhg1 a4 17. Bxf5 Qxf5 18. Qd3 Qxd3 19. Rxd3 h5 20. g4 hxg4 21.
Rxg4 Re4 22. Rxe4 dxe4 23. Rd1 b5 24. Rg1 f5 25. c3 Kf7 26. Rg5 Kf6 27. Bc1 Rh8
28. h5 Rh6 29. b3 axb3 30. axb3 c6 31. c4 f4 32. Rg4 Rxh5 33. d5 cxd5 34. Bb2+
Kf5 35. Rxg7 bxc4 36. bxc4 dxc4 37. Rg8 Rh1+ 38. Kc2 Rh2 39. Bd4 e3 0-1